000 00612nam a2200241Ia 4500
003 OSt
005 20221007071300.0
006 a|||||r|||| 00| 0
007 ta
008 221006b |||||||| |||| 00| 0 eng d
024 _a24,826
037 _cTextual
040 _aFLL
_cFLL
_beng
041 _2eng
_aeng
082 _aZ3:18231, L0
100 _aMartin J. N.
_9688445
245 0 _aClub law
250 _a6th
260 _aLondon
_bButterworth & Co. Pvt. Ltd. UK
_c1970
300 _axxiii,308p
_ccm.
942 _hZ3:18231, L0
_cTEXL
_2CC
999 _c1142943
_d1142943